000 01831nam0a2200397 4500
001 RU\NLR\bibl\132871
005 20250618042018.0
010 _a5-7995-0139-X
_9150
021 _aRU
_b2000-46286
_92132
035 _a(NLR Aleph) 000130147
090 _a743090
_c743090
100 _a20010126d2000 |||y0rusy50 ca
101 0 _arus
102 _aRU
105 _aa |||||||||
200 1 _aТехнология пластических масс
_eУчеб. пособие
_fВ.А. Никифоров, В.А. Маркова, Е.И. Лагусева
_gМ-во образования Рос. Федерации, Твер. гос. техн. ун-т
210 _aТверь
_cИзд-во ТГТУ
_d2000
215 _a256 с.
_cил.
_d21
320 _aБиблиогр.: с. 255-256
606 0 _aПластические массы
_jРуководства, пособия и т.п. для высшей школы
_xПроизводство
_91043419
_3RU\NLR\auth\6684169
606 0 _aПластические массы
_jУчебные издания для высшей школы
_xПроизводство
_91043419
_3RU\NLR\auth\6684169
610 0 _aПластмассы - производство
675 _a678.5(075.8)
_v3
_zrus
686 _a61.57
_2rugasnti
686 _a35.71я73
_2rubbk
686 _aЛ71я73-1
700 1 _4070
_aНикифоров
_bВ. А.
_cд-р техн. наук
_f1925-
_gВладимир Акимович
_9198665
_3RU\NLR\AUTH\770198716
701 1 _aМаркова
_bВ. А.
_gВалентина Анатольевна
_4070
701 1 _aЛагусева
_bЕ. И.
_gЕлена Ивановна
_4070
801 0 _aRU
_bRKP
_c20010126
_gPSBO
801 1 _aRU
_bRKP
_c20010126
801 2 _aRU
_bNLR
_c20010320
_grcr
942 _cBOOK
980 _aNB